000 00536nam a22001697a 4500
005 20251108165209.0
008 250721s1985 xx 000 0 ara d
082 1 4 _a604.2/عبا
100 1 _aمصطفى، عباس بيومي
245 1 0 _aأساسيات الرسم الهندسي /
264 1 _aبيروت :
_bدار الراتب الجامعية،
_c1985.
300 _a258ص : رسومات
650 1 7 _aالرسم الهندسي الاولي
700 1 _aجمعة، عبد الحميد
942 _2ddc
_cBK
999 _c21854
_d21854